| 000 | 01783nam a2200325 a 4500 | ||
|---|---|---|---|
| 001 | 000048252 | ||
| 003 | DO-SdBPM | ||
| 005 | 20250623115841.0 | ||
| 007 | ta | ||
| 008 | 181210s2016 dr a 000 m spa d | ||
| 020 | _a9789945581874 | ||
| 040 |
_aDO-SdBPM _bspa _cBPMSU _erda _d |
||
| 082 | 4 |
_a808.1 _bS487p 2016 _222 |
|
| 100 | 1 |
_aSerrata, Médar, _d1964- _eautor |
|
| 245 | 1 | 3 |
_aLa poética del trujillismo : _bépica y romance en el discurso de "la Era" / _cMédar Serrata |
| 264 |
_aSan Juan, Puerto Rico : _bEditorial Isla Negra, _c2016 |
||
| 300 |
_a280 páginas . : _c22 cm. |
||
| 336 |
_atexto _btxt _2rdacontent |
||
| 337 |
_asin mediación _bn _2rdamedia |
||
| 338 |
_avolumen _bnc _2rdacarrier |
||
| 490 | 0 | _aVisiones y cegueras | |
| 500 | _aIncluye datos biográficos del autor en la solapa de la cubierta | ||
| 504 | _aBibliografía : páginas. 249-266 | ||
| 505 | 0 |
_aAgradecimiento -- _tPrólogo -- _tIntroducción -- _tLos poetas trujillistas -- _tComo intérpretes de la historia -- _tLas normas de la épica trujillista -- _tDel Génesis a la Patria Nueva -- _gCapítulo 1 _tDe la historia como ciencia a la historia como sentimiento: los dos enriquillos de Manuel Arturo Pena Baille -- _gCapítulo 2 _tBorrar y preservar: Joaquin Balaguer y la monumentalización de la violencia -- _gCapítulo 3 _tHacia una épica de los vencidos: Tomás Hernandez Franco y el origen de la raza mulata" -- _gCapítulo 4 _tEn los márgenes de la modernidad: Ramon Marrero Aristy, o las tribulaciones del romance -- _gEpílogo -- _tLa permanencia de la épica -- _tÍndice general. |
|
| 590 | _aInventariado, 2025/VM | ||
| 650 | 7 | _aAnálisis del discurso | |
| 650 | 7 |
_aLiteratura dominicana _x Historia y crítica. |
|
| 910 | _a VMateo V. Control de calidad. BPMSU | ||
| 942 |
_2ddc _cBK |
||
| 999 |
_c15196 _d15196 |
||